Electric transmission and distribution / (Record no. 545391)
[ view plain ]
| 000 -LEADER | |
|---|---|
| fixed length control field | 00863cam a2200217 i 4500 |
| 020 ## - INTERNATIONAL STANDARD BOOK NUMBER | |
| International Standard Book Number | 0898741963 |
| 082 00 - DEWEY DECIMAL CLASSIFICATION NUMBER | |
| Classification number | 621.31 |
| Author Mark | ELE |
| -- | L-10, P-14 |
| 100 1# - MAIN ENTRY--PERSONAL NAME | |
| Personal name | Skrotzki, Bernhardt G. A., |
| 9 (RLIN) | 41220 |
| 245 10 - TITLE STATEMENT | |
| Title | Electric transmission and distribution / |
| Statement of responsibility, etc. | Bernhardt G. A. Skrotzki, editor ; contributors, E. M. Adkins, F. S. Benson, E. L. Michelson. |
| 260 ## - PUBLICATION, DISTRIBUTION, ETC. | |
| Place of publication, distribution, etc. | Huntington, N.Y. : |
| Name of publisher, distributor, etc. | R. E. Krieger Pub. Co., |
| Date of publication, distribution, etc. | 1980, c1954. |
| 300 ## - PHYSICAL DESCRIPTION | |
| Extent | ix, 448 p. : |
| Other physical details | ill. ; |
| Dimensions | 24 cm. |
| 500 ## - GENERAL NOTE | |
| General note | Includes index. |
| 500 ## - GENERAL NOTE | |
| General note | Reprint of the 1st ed. published by McGraw-Hill, New York, in series: Electric utility library. |
| 526 ## - STUDY PROGRAM INFORMATION NOTE | |
| Program name | 0 |
| Interest level | 0 |
| Reading level | 0 |
| Title point value | 621_310000000000000_ELE |
| 650 #0 - SUBJECT ADDED ENTRY--TOPICAL TERM | |
| Topical term or geographic name entry element | Electric power distribution. |
| 9 (RLIN) | 41221 |
| 650 #0 - SUBJECT ADDED ENTRY--TOPICAL TERM | |
| Topical term or geographic name entry element | MCE |
| 9 (RLIN) | 379 |
| 700 1# - ADDED ENTRY--PERSONAL NAME | |
| Personal name | Adkins, E. M. |
| 9 (RLIN) | 41222 |
| 700 1# - ADDED ENTRY--PERSONAL NAME | |
| Personal name | Benson, Francis Schaar, |
| 9 (RLIN) | 41223 |
| 700 1# - ADDED ENTRY--PERSONAL NAME | |
| Personal name | Michelson, E. L. |
| 9 (RLIN) | 41224 |
| 942 ## - ADDED ENTRY ELEMENTS (KOHA) | |
| Source of classification or shelving scheme | |
| Koha item type | Book |
| Withdrawn status | Lost status | Source of classification or shelving scheme | Damaged status | Not for loan | Permanent Location | Current Location | Date acquired | Total Checkouts | Full call number | Barcode | Date last seen | Price effective from | Koha item type |
|---|---|---|---|---|---|---|---|---|---|---|---|---|---|
| Military College of Engineering (MCE) | Military College of Engineering (MCE) | 05/21/2014 | 621.31 ELE | MCE-30043 | 05/21/2014 | 05/21/2014 | Book |
